| 000 | 00980nam1a22002171i 4500 | ||
|---|---|---|---|
| 001 | rc\322564 | ||
| 005 | 20240723220300.0 | ||
| 035 | _a(NLR Aleph) 005631652 | ||
| 090 |
_a6580866 _c6580866 |
||
| 100 | _a20030307d1989 u |0rusy50 ca | ||
| 101 | 0 | _arus | |
| 102 | _aRU | ||
| 105 | _ay ||||||||| | ||
| 200 | 1 |
_aУкрупненные нормы времени и расценки _eМонтаж технол., электросилового оборуд., контрол.-измер. приборов и средств автоматизации з-дов стройиндустрии _eУН 89-79 / Минтрансстрой СССР |
|
| 210 |
_a[М.] _cБ. и. _d1989 |
||
| 215 | _d22 | ||
| 300 | _aВ надзаг.: ... Гл. науч.-техн. упр., Всесоюз. проект.-технол. ин-т трансп. стр-ва "ВПТИтрансстрой" | ||
| 801 | 0 |
_aRU _bNLR _gpsbo |
|
| 801 | 1 |
_aRU _bELAR _2rusmarc |
|
| 852 |
_aNLR _bПт _j80/605-УН-89-79 |
||
| 942 | _cBOOK | ||